Govt. of
Madhya Pradesh

Women and the Law (Record no. 41819)

MARC details
000 -LEADER
fixed length control field 004440000a22001810004500
003 - CONTROL NUMBER IDENTIFIER
control field MACL
005 - DATE AND TIME OF LATEST TRANSACTION
control field 20150729152750.0
008 - FIXED-LENGTH DATA ELEMENTS--GENERAL INFORMATION
fixed length control field 150729b xxu||||| |||| 00| 0 eng d
040 ## - CATALOGING SOURCE
Original cataloging agency MACL
Transcribing agency MACL
041 ## - LANGUAGE CODE
Language code of text/sound track or separate title English
082 ## - DEWEY DECIMAL CLASSIFICATION NUMBER
Classification number 340/BHA
100 ## - MAIN ENTRY--PERSONAL NAME
Personal name Bharti, Dr Dalbir
9 (RLIN) 3243
245 ## - TITLE STATEMENT
Title Women and the Law
260 ## - PUBLICATION, DISTRIBUTION, ETC. (IMPRINT)
Name of publisher, distributor, etc. A P H Publishing Corporation
Date of publication, distribution, etc. 2008
Place of publication, distribution, etc. New Delhi
350 ## - PRICE (NR) (BK AM CF MU VM SE) [OBSOLETE]
Price 600
650 ## - SUBJECT ADDED ENTRY--TOPICAL TERM
Topical term or geographic name as entry element Law
9 (RLIN) 3244
942 ## - ADDED ENTRY ELEMENTS (KOHA)
Koha item type Books
Call number prefix 340/BHA
Source of classification or shelving scheme
Holdings
Withdrawn status Lost status Source of classification or shelving scheme Damaged status Not for loan Home library Current library Date acquired Cost, normal purchase price Total Checkouts Full call number Barcode Date last seen Date last checked out Uniform Resource Identifier Price effective from Koha item type
          MACL MACL 29/07/2015 600.00 1 340/BHA CRE024193 02/05/2024 02/04/2016 42087 15/04/2015 Books